Elément géographique par forme #2 - Statistiques

Statistiques générales
  • Ce quiz a été pris 215 fois
  • Le résultat moyen est 8 sur 12
Statistiques - réponses
Par images Hint Réponse % Correct
Désert Le Sahara
86%
Zone économique L'Union Européenne
84%
Chaine de montagnes La cordillère des Andes
83%
Pays L'Argentine
83%
Région Française La Bretagne
79%
Pays La Mongolie
75%
Etat Américain La Floride
74%
Zone économique Le BéNéLux
59%
Fleuve La Seine
56%
Zone d'eau Le lac Léman
53%
Etat d'Océanie La Tasmanie
52%
Zone d'eau Le lac Victoria
12%
Aucun quiz correspondant
Distribution des résultats
% des personnes avec chaque résultat
Percentile par nombre de réponses
Votre historique - résultats
Vous n’avez pas pris ce quiz